000 00583nam a2200193Ia 4500
005 20260429112107.0
008 260429s9999||||xx |||||||||||||| ||und||
020 _a9781032723631
041 _aEnglish
082 _a371.8269
_bTAR
100 _aTarry, Estelle
245 0 _aPrinciples and practice to help young children belong :
_btherapeutic approaches to support pupils in the margins /
_cEstelle Tarry
250 _a1st ed.
260 _aLondon :
_bRoutledge,
_c2025.
300 _aviii, 221 p.; pbk
650 _a Social interaction
650 _aChildren
942 _cTB
999 _c52320
_d52320